000 00673nam a2200193Ia 4500
003 GCL
008 140319s9999 xx 000 0 ara d
040 _aGCL /
_cGCL
082 0 4 _a823
_bد ب
100 1 _aفخرى لبيب (مترجم)
_vActor
_@
…مثل
245 1 0 _aرباعية الاسكندرية :
_bبلتازار /
_cفخرى لبيب (مترجم)
700 1 _aداريل، لورانس
260 _aالكويت :
_bدار سعاد الصباح ،
_c1992
300 _a253 ص ؛
_c18 سم
490 _a
650 0 4 _aالقصة الانجليزية المترجمة
650 0 4 _aالادب الانجليزى المترجم
942 _2ddc
_cBK
999 _c57497
_d57497